Score 0/24 Timer 05:00
0 Plays Today
Scramble Answer % Correct
Fast Food ChainsBurger King
96.2%
BalletsSwan Lake
95.8%
Fast Food ChainsTaco Bell
95.5%
Symphony InstrumentsViola
94.3%
BalletsPeter Pan
92.4%
Symphony InstrumentsTrumpet
90.7%
College MajorsBiology
89.2%
European CountriesSwitzerland
88%
European CountriesGermany
86.8%
BalletsThe Nutcracker
83.4%
Fast Food ChainsMcDonalds
82.8%
College MajorsBusiness
80.6%
Scramble Answer % Correct
BalletsDon Quixote
79.8%
DesertsSahara
77.1%
DesertsGobi
76.6%
Fast Food ChainsArbys
74.3%
European CountriesIreland
73.7%
European CountriesUkraine
66.3%
Symphony InstrumentsTympani
61.8%
Symphony InstrumentsClarinet
57.3%
College MajorsSpanish
52.4%
DesertsArabian
44.6%
College MajorsCommunications
43.8%
DesertsPatagonian
26.5%
Remove Ads.
Support Sporcle.
Get the best of Sporcle when you Go Orange. This ad-free experience offers more features, more stats, and more fun while also helping to support Sporcle. Thank you for becoming a member.

You're not logged in!

Compare scores with friends on all Sporcle quizzes.
OR
Log In

Show Comments

Extras

Top Quizzes Today


Score Distribution

Your Account Isn't Verified!

In order to create a playlist on Sporcle, you need to verify the email address you used during registration. Go to your Sporcle Settings to finish the process.

Report this User

Report this user for behavior that violates our Community Guidelines.

Details: